000 01915cam a2200541 a 4500
001 20942
003 VRT
005 20260207110638.0
008 250312s1947 xo f 000 0 slo c
015 _aSNBA19451955-010036
035 _aSK01SNKBKSFS20010085660
035 _aurn:nbn:sk:snk-am3hroz
035 _a87CEB1CE-BEC5-4BBA-90DB-10D8CF6AEBF1
035 _aurn:nbn:sk:snk-am00d6w7
035 _aSKM000088123
039 9 _a202503121333
_bVLOAD
_c202011062039
_dcsnkv18
_c202010251458
_dmsvkbb06
_c202009221532
_dcsnkv18
040 _aSNK
_bslo
_cSNK
_eAACR2
041 0 _aslo
044 _axo
_cSK
072 7 _a792
_xDivadlo. Divadelné predstavenia
_2konspekt
080 _a792
_22011
080 _a(048.8)
_22011
080 _a(0:82-4)
_22011
100 1 _aRampák, Zoltán,
_d1920-1998
_4aut
245 1 0 _aDivadelné zápisky
_búvahy o ideových a umeleckých tendenciách slovenského divadla
_cZoltán Rampák
250 _aVyd. prvé
260 _aTurčiansky Sv. Martin
_bMatica slovenská
_c1947
_eTurčiansky Sv. Martin
_fNeografia
300 _a146, [5] s.
_c20 cm
490 0 _aEssaye
_vsv. 1
500 _aViaz.
650 0 7 _aslovenské divadlo
_2SNKPH
650 0 7 _aSlovak theater
_2SNKPHeng
655 7 _aštúdie
_2SNKPH
655 7 _aeseje
_2SNKPH
655 7 _aStudies
_2SNKPHeng
655 7 _aEssays
_2SNKPHeng
700 1 _aŠulc, Dušan,
_d1912-1995
_4edt
700 1 _aKusý, Ivan,
_d1921-2000
_4red
830 0 _aEssaye
942 _2ddc
_cKLDO
_n0
949 _617A0267281
_asnkSD 5769/1 D1
_bsnkKSF 101/56
949 _617A0572069
_asnkSD 5769/1 D2
_bsnkK 2756/65
949 _6369701000014854
_aaubbL 10200
_baubbL10200
949 _617A1185229
_asnkSD 5769/1
_bsnk5324/47
_osnkI. 829/47 - druhé ev. číslo
_s6100:20181128
949 _6270001000631702
_asvkbbS 39499
_bsvkbbm 20451
999 _c20942
_d20942